书目信息 |
| 题名: |
中学历史基础训练100例
|
|
| 作者: | 黄亿穗 著 | |
| 分册: | ||
| 出版信息: | 福州 福建人民出版社 1984 |
|
| 页数: | 157页 | |
| 开本: | 19cm | |
| 丛书名: | ||
| 单 册: | ||
| 中图分类: | G634.51 , G633.51 | |
| 科图分类: | ||
| 主题词: | 教育--各级 , 历史课--中学--教学参考资料 | |
| 电子资源: | ||
| ISBN: | ||
| 000 | 00697nam0 2200253 45 | |
| 001 | 0184004863 | |
| 005 | 20070721082935.03 | |
| 010 | @dCNY0.43 | |
| 091 | @a7173.625 | |
| 100 | @a19950614d1984 demy0chiy0121 ea | |
| 101 | 0 | @achi |
| 102 | @aCN@b350000 | |
| 105 | @ay z 000yy | |
| 200 | 10 | @a中学历史基础训练100例@Azhong xue li shi ji chu xun lian100 li@f黄亿穗著 |
| 210 | @a福州@c福建人民出版社@d1984 | |
| 215 | @a157页@d19cm | |
| 606 | 0 | @a教育@x各级 |
| 606 | @a历史课@x中学@x教学参考资料 | |
| 690 | @aG634.51@v3 | |
| 690 | @aG633.51 | |
| 701 | 0 | @a黄亿穗@Ahuang yi sui@4著 |
| 801 | 2 | @aCN@bNLC@c20070721 |
| 801 | 0 | @aCN@b上海图书馆@c20040508 |
| 905 | @f2@b129312-313@dG633.51@e49 | |
| 中学历史基础训练100例/黄亿穗著.-福州:福建人民出版社,1984 |
| 157页;19cm |
| ISBN :CNY0.43 |
| ● |
| 相关链接 |
|
|
|
|
正题名:中学历史基础训练100例
索取号:G633.51/49
 
预约/预借
| 序号 | 登录号 | 条形码 | 馆藏地/架位号 | 状态 | 备注 |
| 1 | 0129312 | 000256172 | 密集书库/ [索取号:G633.51/49] | 在馆 | |
| 2 | 0129313 | 000256234 | 密集书库/ [索取号:G633.51/49] | 在馆 | |
| 3 | 0129314 | 000256243 | 第一样本阅览室/ [索取号:G633.51/49] | 在馆 | |
| 4 | 0769203 | 207692031 | 密集书库/ [索取号:G633.51/49] | 在馆 |